LIBRARY & INFORMATION CENTRE, KCAET, TAVANUR

ONLINE PUBLIC ACCESS CATALOGUE (OPAC)

Revision of demand theory / (Record no. 11279)

MARC details
000 -LEADER
fixed length control field 00324cam a2200133ua 4500
041 ## - LANGUAGE CODE
Language code of text/sound track or separate title eng
100 ## - MAIN ENTRY--AUTHOR NAME
Personal name J.R, Hicks .
245 ## - TITLE STATEMENT
Title Revision of demand theory /
260 ## - PUBLICATION, DISTRIBUTION, ETC. (IMPRINT)
Place of publication :
Name of publisher Oxford University Press ,
Year of publication 1959.
300 ## - PHYSICAL DESCRIPTION
Number of Pages 198 ; .
500 ## - GENERAL NOTE
General note HIC/RE

No items available.

free website counter